Vista completa de documento

STA |a MIBE-2021
STA |a REPO-DOCA
FMT BK
LDR      nam  22      i 4500
001 000473109
005 20220630120709.0
006 m        d        
007 cr nuu---uuuuu
008 211203s2021    sp a   fs     000 0 eng d
040 |a ES-MaBBE
084 |a C81
084 |a D25
098 |a M1 |e Estructura y funcionamiento de la empresa
098 |a D2 |e Producción y mercado
098 |a C3 |e Métodos Econométricos y Estadísticos
1001 |a Anghel, Brindusa
24510 |a 2021 Survey of Small Enterprises’ Financial Literacy |h [Recurso electrónico] : |b main results / |c Brindusa Anghel, Aitor Lacuesta and Federico Tagliati.
260 |a Madrid : |b Banco de España, |c 2021.
300 |a 40 p.
440 0 |a Documentos Ocasionales / Banco de España |v 2129 |x 1696-2230
506 |a Acceso público y gratuito a la versión electrónica en Internet
5203 |a Este documento analiza las competencias financieras de las empresas españolas de menos de 50 trabajadores (pequeñas empresas) a partir de una encuesta elaborada por el Banco de España entre marzo y mayo de 2021, que se engloba dentro de un proyecto desarrollado por la Organización para la Cooperación y el Desarrollo Económicos (OCDE): International Network on Financial Education (OCDE/INFE). La encuesta incluye una serie de preguntas con el objetivo de medir las competencias financieras de las empresas (conocimientos, actitudes y comportamientos financieros), así como la tenencia de instrumentos financieros, el impacto de la crisis del COVID-19 sobre su actividad o el nivel de digitalización de la empresa. Estas preguntas deben de ser contestadas por el propietario de la empresa, siempre que tome alguna decisión financiera en relación con aquella. [Resumen de autor] |9 [spa]
5203 |a This paper analyses the financial competencies of Spanish enterprises with fewer than 50 employees (small enterprises) based on a survey conducted by the Banco de España between March and May 2021 as part of a project launched by the OECD (International Network on Financial Education, OECD/INFE). The survey includes a series of questions aimed at measuring firms’ financial competencies (financial knowledge, attitudes and behaviour) and the financial instruments held by them, the impact of the COVID-19 crisis on their activity and their level of digitalisation. It is the owners of the firms who should answer these questions insofar as it is they who make financial decisions in relation to their firm. [Resumen de autor] |9 [eng]
651 4 |a España
65310 |a Financial literacy
65310 |a Small enterprises
65310 |a Online survey
65310 |a COVID-19
65310 |a Digitalisation
65310 |a Competencias financieras
65310 |a Pequeñas empresas
65310 |a Encuesta online
65310 |a Digitalización
7001 |a Lacuesta, Aitor
7001 |a Tagliati, Federico
7102 |a Banco de España
85641 |u https://repositorio.bde.es/handle/123456789/22546 |x fd3298ba-f8ec-4704-99bb-719fac1e2037 |z Ver en el Repositorio Institucional
LKR |a PAR |b 000472171 |l NSB01 |n Versión en español |m Versión en inglés
035 |a (OCoLC)1337644745 |z OCOLC1337644745
TYP |a Libro
TYP |a Recurso electronico
TYP |a EL |b Acceso
SYS 000473109

2013 Banco de España, Madrid, España. Reservados todos los derechos
Basado en Ex Libris (© 2009 Ex Libris)

Contacto